00677nam a2200193Ia 4500008004100000082001100041100002600052245006000078250000600138260000900144300000800153600002600161630006000187700002600247730006000273942000900333999001900342952012200361090124s9999 xx 000 0 und d b118493 aसंत वि.द. a गुलमोहर ( ललित निबंध ) a1 c1980 a102 aसंत वि.द. a गुलमोहर ( ललित निबंध ) aसंत वि.द. a गुलमोहर ( ललित निबंध ) cBOOK c164579d164579 00104170aTHNMGSbTHNMGSd0000-00-00g10.00l0o118493pTHNMGS-118493r2009-01-24 00:00:00v10.00w2009-01-24yBOOK